Revista Costarricense de Derecho Internacional

Detalles Bibliográficos
Formato: Seriadas
Lenguaje:español
Publicado: [s.l.] : Asociacin̤ Costarricense de Derecho Internacional, 2014 -
Materias:
Acceso en línea:Acceso restringido

MARC

LEADER 00000nas a22000007a 4500
005 20170406113952.0
007 cr|||| ||u|
008 170406c20149999cr fr|| s|||| 0|||b1spa d
035 |a 14792 
040 |a vLex 
090 |c 6631  |d 6631 
245 0 0 |a Revista Costarricense de Derecho Internacional  |h [Recurso electrn̤ico] 
256 |a Servicio en ln̕ea 
260 |a [s.l.] :  |b Asociacin̤ Costarricense de Derecho Internacional,  |c 2014 - 
300 |a 1 recurso electrn̤ico 
310 |a Semestral 
362 |a Nm︢. 1 (2012) - 
506 1 |a Contenido disponible en los productos indicados  |d vLex Global  |d vLex Global (Academic Edition, excluding Law Schools)  |d vLex Global (U.S. Academic Edition, Law Schools)  |d vLex Global (U.S. Academic Edition, excluding Law Schools)  |d vLex Global (Academic Edition, Law Schools) 
650 0 4 |a Derecho internacional 
740 0 |a vLex Revistas (Servicio en ln̕ea) 
856 4 0 |u http://vlex.com/source/revista-costarricense-derecho-internacional-14792  |z Acceso restringido 
942 |c REV 
999 0 0 |a International law